LIBRARY & INFORMATION CENTRE, KCAET, TAVANUR

ONLINE PUBLIC ACCESS CATALOGUE (OPAC)

Advanced Engineering Mathmatics (Record no. 14198)

MARC details
000 -LEADER
fixed length control field 00308nam a22001217a 4500
020 ## - INTERNATIONAL STANDARD BOOK NUMBER
ISBN 9788123920542
082 ## - DEWEY DECIMAL CLASSIFICATION NUMBER
Classification number 519
Item number SAR/AD
100 ## - MAIN ENTRY--AUTHOR NAME
Personal name Sarna, I.J.S
245 ## - TITLE STATEMENT
Title Advanced Engineering Mathmatics
260 ## - PUBLICATION, DISTRIBUTION, ETC. (IMPRINT)
Place of publication New Delhi
Name of publisher CBS Publishers & Distributors Pvt. Ltd
Year of publication 2012
300 ## - PHYSICAL DESCRIPTION
Number of Pages 13.51
942 ## - ADDED ENTRY ELEMENTS (KOHA)
Koha item type Books
Holdings
Withdrawn status Lost status Damaged status Home library Current library Shelving location Date acquired Source of acquisition Cost, normal purchase price Full call number Accession Number Koha item type
      KAUAET KAUAET General Stacks 03/06/2016 Ganesh Book Center Trivanrum 395.00 519 SAR/AD 24581 Books
free website counter